| 000 | 01186nam a2200217Ia 4500 | ||
|---|---|---|---|
| 999 |
_c38756 _d38756 |
||
| 001 | 5086 | ||
| 003 | GE_BSU | ||
| 005 | 20260422100125.0 | ||
| 008 | 181216s2007||||ge |||||||||||||| ||geo|| | ||
| 020 | _a19875231 | ||
| 040 | _cGE_BSU | ||
| 041 | _ageo | ||
| 080 | _a338(479.223) | ||
| 245 |
_aტურიზმის განვითარების სოციალურ-ეკონომიკური პრობლემები (აჭარის სოციალურ-ეკონომიკური პრობლემები IX) / _cრედ. ჟანი მიქაშავიძე |
||
| 264 |
_aბათუმი : _bბათუმის უნივერსიტეტი, _c2007. |
||
| 300 |
_a180 გვ. ; _c20 სმ. |
||
| 500 | _aდასკვნები ქარათულ, რუსულ და ინგლისურ ენებზე | ||
| 653 | _aტურიზმის განვითარების სოციალურ-ეკონომიკური პრობლემები | ||
| 700 |
_a მიქაშავიძე, ჟანი _eრედაქტორი _92700 |
||
| 942 |
_cBK _2udc |
||